000 00684cam a2200193 i 4500
005 20251203113556.0
008 250721s2010 jo gr 000 0 ara d
020 _a9953324301
082 1 4 _a214.2
_bي ا ف
100 1 _aاليافعي، عبد الفتاح بن صالح قديش.
_eمؤلف.
245 1 2 _aالتجسيم و المجسمة وحقيقة عقيدة السلف في الصفات الإلهية /
264 3 1 _aدمشق :
_bمؤسسة الرسالة ناشرون،
_c2010.
300 _a424صفحة.
650 1 7 _aالعقيدة الدينية.
650 1 7 _aالله.
653 _aالذات الإلهية
942 _2ddc
_cBK
999 _c121186
_d121186